000 00891 a2200253 4500
005 20161115084032.0
008 130926e1989 xxu frn 001 0 eng d
020 _a0195058615
020 _a0195058623
040 _aCO-BoUCM
_bspa
_cJose A. Gerena (modificó)
_dAldemar Mondragón
041 0 0 _aeng
245 0 4 _aThe Inner citadel essays on individual autonomy
_ceditado por John Philip Christman
260 _c1989
_bOxford University press
_aNueva York (Estados Unidos)
300 _ax, 267 páginas
504 _aIncluye referencias bibliográficas e índices
650 7 _aAutonomía (Filosofía)
_9109
650 7 _aConciencia
_946729
650 7 _aPersonalidad
_921413
650 7 _aPersonalidad
_921413
690 _942814
_aFilosofía
700 _aChristman, John Philip
_eeditor
_946252
942 _a2
_cLIBRO
_e1
_mI581
_2DEWEY
_h126
999 _c180803
_d180803